Populous US Cities Memory Minefield Quiz Stats

 Plays Quiz Updated Apr 21, 2016

Also try: Memory Minefield
Challenge
Share
Tweet
Embed
Score 0/100 Timer 08:00
2 Plays Today
* ** % Correct
DC???
100%
LA???
99.9%
CH???
99.9%
HO???
99.9%
PH???
99.9%
PH???
99.9%
SA???
99.9%
SD???
99.9%
DA???
99.9%
SJ???
99.9%
JA???
99.9%
IN???
99.9%
SF???
99.9%
AU???
99.9%
CO???
99.9%
FW???
99.9%
LO???
99.9%
CH???
99.9%
DE???
99.9%
EL???
99.9%
ME???
99.9%
BA???
99.9%
BO???
99.9%
SE???
99.9%
NA???
99.9%
DE???
99.9%
MI???
99.9%
PO???
99.9%
LV???
99.9%
OK???
99.9%
AL???
99.9%
TU???
99.9%
FR???
99.9%
SA???
99.9%
* ** % Correct
LO???
99.9%
KC???
99.9%
ME???
99.9%
VB???
99.9%
AT???
99.9%
CO???
99.9%
OM???
99.9%
RA???
99.9%
MI???
99.9%
CL???
99.9%
TU???
99.9%
OA???
99.9%
MI???
99.9%
WI???
99.9%
AR???
99.9%
AN???
53.1%
AN???
42.6%
AU???
39.8%
BA???
36.1%
CH???
35.8%
IR???
33.5%
BA???
32.2%
DU???
32.1%
CH???
32.1%
BI???
31.3%
JE???
30.9%
SN???
30.6%
LI???
29.9%
FO???
29.3%
BU???
29%
SL???
28.9%
HE???
28.5%
CH???
28.1%
LA???
27.1%
* ** % Correct
IR???
26.9%
CI???
26.5%
NO???
26%
MA???
25.3%
CO???
25%
HO???
25%
LE???
24.6%
GR???
24.5%
HI???
24.5%
FR???
24.4%
SC???
24.2%
TA???
23.6%
GA???
23.3%
NE???
23.1%
PI???
23%
RE???
22.8%
LU???
22.7%
NL???
22.2%
OR???
21.9%
ST???
21.8%
SB???
21.2%
SP???
21%
PL???
20.8%
GL???
20.7%
RI???
20.7%
SP???
20.1%
RO???
20.1%
NO???
20.1%
TO???
18.7%
WI???
18.6%
SP???
18.5%
NY???
15%

You're not logged in!

Compare scores with friends on all Sporcle quizzes.
OR
Log In

You Might Also Like...

Show Comments

Extras

Top Quizzes Today


Score Distribution

Your Account Isn't Verified!

In order to create a playlist on Sporcle, you need to verify the email address you used during registration. Go to your Sporcle Settings to finish the process.

Report this User

Report this user for behavior that violates our Community Guidelines.

Details: